<?xml version="1.0" encoding="UTF-8"?>
<record
    xmlns:xsi="http://www.w3.org/2001/XMLSchema-instance"
    xsi:schemaLocation="http://www.loc.gov/MARC21/slim http://www.loc.gov/standards/marcxml/schema/MARC21slim.xsd"
    xmlns="http://www.loc.gov/MARC21/slim">

  <leader>01183nam a2200313 i 4500</leader>
  <controlfield tag="001">000043478</controlfield>
  <controlfield tag="003">DO-SdBNP</controlfield>
  <controlfield tag="005">20240919093731.0</controlfield>
  <controlfield tag="007">ta</controlfield>
  <controlfield tag="008">090929s1996    dr a          001 0 spa d</controlfield>
  <datafield tag="040" ind1=" " ind2=" ">
    <subfield code="a">DO-SdBNP</subfield>
    <subfield code="b">spa</subfield>
    <subfield code="c">BNPHU</subfield>
    <subfield code="e">rda</subfield>
  </datafield>
  <datafield tag="082" ind1=" " ind2="4">
    <subfield code="a">581.97293</subfield>
    <subfield code="b">L763f 1996</subfield>
    <subfield code="2">22</subfield>
  </datafield>
  <datafield tag="100" ind1="1" ind2=" ">
    <subfield code="a">Liogier, Alain Henri,</subfield>
    <subfield code="d">1916-</subfield>
    <subfield code="e">autor</subfield>
    <subfield code="4">aut.</subfield>
    <subfield code="9">24048</subfield>
  </datafield>
  <datafield tag="245" ind1="1" ind2="3">
    <subfield code="a">La flora de La Espa&#xF1;ola /</subfield>
    <subfield code="c">Alain Henri Liogier.</subfield>
  </datafield>
  <datafield tag="250" ind1=" " ind2=" ">
    <subfield code="a">Segunda edici&#xF3;n</subfield>
  </datafield>
  <datafield tag="264" ind1=" " ind2="4">
    <subfield code="a">Santo Domingo, Rep&#xFA;blica Dominicana   :</subfield>
    <subfield code="b">Ediciones de la UCE,</subfield>
    <subfield code="c">&#xA9;1996.</subfield>
  </datafield>
  <datafield tag="300" ind1=" " ind2=" ">
    <subfield code="a">vol&#xFA;menes :</subfield>
    <subfield code="b">ilustraciones ;</subfield>
    <subfield code="c">24 cm.</subfield>
  </datafield>
  <datafield tag="336" ind1=" " ind2=" ">
    <subfield code="a">texto</subfield>
    <subfield code="b">txt</subfield>
    <subfield code="2">rdacontent</subfield>
  </datafield>
  <datafield tag="337" ind1=" " ind2=" ">
    <subfield code="a">sin mediaci&#xF3;n</subfield>
    <subfield code="b">n</subfield>
    <subfield code="2">rdamedia</subfield>
  </datafield>
  <datafield tag="338" ind1=" " ind2=" ">
    <subfield code="a">volumen</subfield>
    <subfield code="b">nc</subfield>
    <subfield code="2">rdacarrier</subfield>
  </datafield>
  <datafield tag="490" ind1=" " ind2=" ">
    <subfield code="a">Universidad Central del Este</subfield>
    <subfield code="v">6, 46, 56, 64</subfield>
  </datafield>
  <datafield tag="490" ind1=" " ind2=" ">
    <subfield code="a">Serie Cient&#xED;fica</subfield>
    <subfield code="v">12, 15, 22, 24</subfield>
  </datafield>
  <datafield tag="500" ind1=" " ind2=" ">
    <subfield code="a">Incluye referencias bibliogr&#xE1;ficas y notas al pie de las p&#xE1;ginas</subfield>
  </datafield>
  <datafield tag="590" ind1=" " ind2=" ">
    <subfield code="a">Inventariado, 2024/BT</subfield>
  </datafield>
  <datafield tag="650" ind1=" " ind2="4">
    <subfield code="a">Bot&#xE1;nica</subfield>
    <subfield code="z">Isla Espa&#xF1;ola  (Hait&#xED; y Rep&#xFA;blica Dominicana}</subfield>
    <subfield code="9">24049</subfield>
  </datafield>
  <datafield tag="650" ind1=" " ind2="4">
    <subfield code="a">Flora</subfield>
    <subfield code="9">1516</subfield>
    <subfield code="z">Isla Espa&#xF1;ola (Hait&#xED; y Rep&#xFA;blica Dominicana}</subfield>
  </datafield>
  <datafield tag="910" ind1=" " ind2=" ">
    <subfield code="a">Btav&#xE1;rez/Validado. Control de calidad MFF</subfield>
  </datafield>
  <datafield tag="942" ind1=" " ind2=" ">
    <subfield code="2">ddc</subfield>
    <subfield code="c">LBS1</subfield>
  </datafield>
  <datafield tag="952" ind1=" " ind2=" ">
    <subfield code="0">0</subfield>
    <subfield code="1">0</subfield>
    <subfield code="2">ddc</subfield>
    <subfield code="5">1</subfield>
    <subfield code="7">0</subfield>
    <subfield code="8">PD</subfield>
    <subfield code="a">BNPHU</subfield>
    <subfield code="b">BNPHU</subfield>
    <subfield code="c">HD</subfield>
    <subfield code="d">0000-00-00</subfield>
    <subfield code="e">Donado por Emilio Cordero Michel</subfield>
    <subfield code="l">0</subfield>
    <subfield code="o">BNPHU PD 581.97293 L763f 1996</subfield>
    <subfield code="p">2022-2433</subfield>
    <subfield code="r">2022-05-26</subfield>
    <subfield code="t">v.1</subfield>
    <subfield code="w">2022-05-26</subfield>
    <subfield code="y">LBS1</subfield>
  </datafield>
  <datafield tag="952" ind1=" " ind2=" ">
    <subfield code="0">0</subfield>
    <subfield code="1">0</subfield>
    <subfield code="2">ddc</subfield>
    <subfield code="5">1</subfield>
    <subfield code="7">0</subfield>
    <subfield code="8">PD</subfield>
    <subfield code="a">BNPHU</subfield>
    <subfield code="b">BNPHU</subfield>
    <subfield code="c">HD</subfield>
    <subfield code="d">2024-09-02</subfield>
    <subfield code="e">Donado por Emilio Cordero Michel</subfield>
    <subfield code="l">0</subfield>
    <subfield code="o">BNPHU PD 581.97293 L763f 1996</subfield>
    <subfield code="p">2024-5195</subfield>
    <subfield code="r">2024-09-02</subfield>
    <subfield code="t">v.2</subfield>
    <subfield code="w">2024-09-02</subfield>
    <subfield code="y">LBS1</subfield>
  </datafield>
  <datafield tag="952" ind1=" " ind2=" ">
    <subfield code="0">0</subfield>
    <subfield code="1">0</subfield>
    <subfield code="2">ddc</subfield>
    <subfield code="5">1</subfield>
    <subfield code="7">0</subfield>
    <subfield code="8">PD</subfield>
    <subfield code="a">BNPHU</subfield>
    <subfield code="b">BNPHU</subfield>
    <subfield code="c">HD</subfield>
    <subfield code="d">2024-09-02</subfield>
    <subfield code="e">Donado por Emilio Cordero Michel</subfield>
    <subfield code="l">0</subfield>
    <subfield code="o">BNPHU PD 581.97293 L763f 1996</subfield>
    <subfield code="p">2024-5196</subfield>
    <subfield code="r">2024-09-02</subfield>
    <subfield code="t">v.3</subfield>
    <subfield code="w">2024-09-02</subfield>
    <subfield code="y">LBS1</subfield>
  </datafield>
  <datafield tag="952" ind1=" " ind2=" ">
    <subfield code="0">0</subfield>
    <subfield code="1">0</subfield>
    <subfield code="2">ddc</subfield>
    <subfield code="5">1</subfield>
    <subfield code="7">0</subfield>
    <subfield code="8">PD</subfield>
    <subfield code="a">BNPHU</subfield>
    <subfield code="b">BNPHU</subfield>
    <subfield code="c">HD</subfield>
    <subfield code="d">2024-09-02</subfield>
    <subfield code="e">Donado por Emilio Cordero Michel</subfield>
    <subfield code="l">0</subfield>
    <subfield code="o">BNPHU PD 581.97293 L763f 1996</subfield>
    <subfield code="p">2024-5197</subfield>
    <subfield code="r">2024-09-02</subfield>
    <subfield code="t">v.4</subfield>
    <subfield code="w">2024-09-02</subfield>
    <subfield code="y">LBS1</subfield>
  </datafield>
  <datafield tag="999" ind1=" " ind2=" ">
    <subfield code="c">51825</subfield>
    <subfield code="d">51825</subfield>
  </datafield>
</record>
